000 01501nam a2200325 i 4500
003 DO-SdBNP
005 20260420095635.0
007 ta
008 260420b2015 dr a|||| |||| 00| 0 spa d
020 _a9789945494082
040 _aDO-SdBNP
_bspa
_cBNPHU
_erda
041 _aspa
082 4 _axxx
_bC389d 2015
_222
100 1 _aCedeño de Fernández, Margarita
_d1965-
_eautor
_4aut.
_937198
245 1 0 _aDiálogo con Juan Pablo Duarte. /
_cMargarita Cedeño de Fernández ; prólogo, Juan Daniel Balcácer ; ilustración, Cristian Hernández ; corrección, Alexis Peña
264 1 _aSanto Domingo :
_bSerigraf,
_c2015.
300 _a80 páginas :
_eIlustraciones ;
_c21 cm.
336 _atexto
_btxt
_2rdacontent
337 _asin medición
_bn
_2rdamedia
338 _avolumen
_bnc
_2rdacarrier
500 _aIncluye datos biográficos del autor en las solapa de la cubierta
504 _aBibliografía: páginas 78-79
505 _aPresentación--
_gPrólogo--
_tIntroducción
_gPrimera parte--
_tDuarte: Arquitecto de la Nación Artífice de Sueños y Esperanza--
_gSegunda parte--
_tReflexiones de los Diarios en el Bicentenario de Duarte--
_tApéndice--
_tProyecto de Constitución Redactado por Juan Pablo Duarte--
_tBibliografía.
590 _aInventariado 2026/BT
700 1 _aBalcácer, Juan Daniel,
_d1949-
_eprologuista
_4pr.
_96566
700 1 _aPeña, Alexis,
_ecorrector
_4corr.
_924653
700 1 _aHernández, Cristian
_eilustrador
_4il.
_924653
910 _aBtavárez
942 _2ddc
_cLBS1
999 _c60580
_d60580